=LDR 00000nam 2200000 4500 =001 INLIS000000000040948 =005 20150504095611.0 =006 =007 =008 ind =035 ##$$0010-061300000040948 =041 ##$$a ind =082 ##$$a 650 =090 ##$$a 6506, Mur m.1 =100 ##$$a MURDI, Solehudin =245 ##$$a Manajemen bisnis untuk orang awam, Solehudin murdi, Dea tantyo iskandar;Editor, Hosein nugraha =260 ##$$a Laskar aksara6c2011 $b [Sl] =300 ##$$a 163 Hlm, 23 cm =650 ##$$a BISNIS, MANAJEMEN =700 ##$$a ISKANDAR, Dea Tantyo =850 ##$$a NBPNMAT =990 ##$$a 0001/BPAP-NTB/20142014 =990 ##$$a 1317613176 =990 ##$$a 0001/BPAP-NTB/20142014 =990 ##$$a 0001/BPAP-NTB/20142014 =990 ##$$a 0001/BPAP-NTB/20142015 =990 ##$$a 01201713176